000 01126cam a2200313 a 4500
001 26309
003 BD-RjUL
005 20211209051010.0
008 140322s1912 enk b 000 0 eng d
035 _a(BD-RjUL)26379
040 _aKSU
_cKSU
_dm.c
_dEQO
_dBD-RjUL
_beng
041 1 _aeng
_alat
_hlat
082 0 0 _a872
_bTER 1953
090 _aPA6156
_b.T4 1912a
099 _a*ML A.8AE.TER2 - 4M-L - B2
100 0 _aTerence.
_980884
245 1 0 _aTerence /
_cwith an English translation by John Sargeaunt.
_nV-1
_pThe lady of andors the self-tormentor the eunuch
260 _aLondon :
_bHeinemann ;
_aNew York :
_bMacmillan,
_c1953.
300 _axiii, 351p. :
_bfront. ;
_c17 cm.
490 1 _aLoeb classical library ;
_v22-23.
504 _aIncludes bibliographical references.
505 0 _a1. The lady of Andros. The self-tormentor. The eunuch.-- 2. Phormio. The mother-in-law. The brothers.
600 _aTerence
_x Translations into English
_980885
830 0 _v22-23.
_982627
700 1 _aSargeaunt, John,
_d1857-1922.
_960766
830 0 _aLoeb classical library ;
_982628
942 _2ddc
_cBK
999 _c26309
_d26309